Statistics for Countries Whose Official Names Do Not Contain Their Conventional Names

Click here to take the quiz!

General Stats

  • This quiz has been taken 116 times
    (95 since last reset)
  • The average score is 8 of 26

Answer Stats

Official Name% Correct
North Korea
67%
South Korea
60%
Taiwan
56%
France
47%
Greece
43%
Italy
43%
Republic of China
43%
Republic of Korea
40%
Democratic People's Republic of Korea
39%
Switzerland
39%
Italian Republic
35%
French Republic
33%
Mexico
33%
Hellenic Republic
32%
Portugal
29%
Swiss Confederation
25%
United Mexican States
25%
Laos
23%
Portuguese Republic
20%
Argentina
17%
Argentine Republic
15%
Kyrgyz Republic
15%
Kyrgyzstan
15%
Slovakia
15%
Slovak Republic
13%
Lao People's Democratic Republic
12%

Score Distribution

Percentile by Number Answered

Percent of People with Each Score

Your Score History

You have not taken this quiz since the last reset